000
00314nam a2200121Ia 4500
008
220204s9999 xx 000 0 und d
082
_a
691.11
_b
WIL
100
_a
Wilkinson
245
0
_a
Industrial timber preservation
260
_a
London
_b
Assoicated Busienss
_c
1979
650
_a
Timber preservation
942
_c
BK
999
_c
34479
_d
34479